[Event "Pardubice Czech op-D 30th"]
[Site "Pardubice"]
[Date "2019.07.24"]
[Round "6"]
[White "Filin, Denys"]
[Black "Goriachkina, Oksana"]
[Result "1/2-1/2"]
[WhiteElo "1620"]
[BlackElo "1417"]
[PlyCount "83"]
[EventDate "2019.07.20"]
[EventType "swiss"]
[EventRounds "9"]
[EventCountry "CZE"]
[SourceTitle "EXT 2020"]
[Source "ChessBase"]
[SourceDate "2019.10.17"]
[SourceVersion "1"]
[SourceVersionDate "2019.10.17"]
[SourceQuality "1"]

1. Nf3 d5 2. d4 Nf6 3. c4 c6 4. e3 Bf5 5. Nc3 e6 6. Nh4 Bg4 7. Be2 Bxe2 8. Qxe2 Be7 9. Nf3 0-0 10. 0-0 Nbd7 11. b3 Qa5 12. Bd2 Bb4 13. Rac1 Rac8 14. a3 Bxc3 15. Bxc3 Qxa3 16. Qc2 Qd6 17. Ra1 a6 18. Ne5 Ne4 19. c5 Qe7 20. Nd3 Nxc3 21. Qxc3 Rfe8 22. f4 Nf6 23. Nf2 Ne4 24. Nxe4 dxe4 25. Qc2 f5 26. Kh1 Kh8 27. Rg1 h5 28. Qe2 g6 29. Qf2 Rc7 30. h4 Qf7 31. Qb2 Kh7 32. g3 Ra8 33. Qa3 Rcc8 34. Qb4 Qc7 35. Qc4 Re8 36. Rgc1 Qd7 37. Qb4 Rab8 38. Ra3 Kg7 39. Rca1 Qc7 40. Kg2 Qc8 41. Qc4 Qc7 42. Qc2 1/2-1/2